| 000 | 00712nam a22002175a 4500 | ||
|---|---|---|---|
| 003 | OSt | ||
| 005 | 20180120142736.0 | ||
| 008 | 180120s1987 ku a gr 000 0 ara d | ||
| 040 |
_aEG-ScBUE _bara _cEG-ScBUE |
||
| 082 | 0 | 4 |
_a297.261 _bم س ل _222 |
| 245 | 0 | 2 |
_aالمسلمون والعصر / _cعبد العزيز كامل... [وآخ.]. |
| 260 |
_aالكويت : _bمجلة العربي، _c1987. |
||
| 300 |
_a192 ص. : _bإيض. ؛ _c20 سم. |
||
| 490 | 0 |
_aكتاب العربي ؛ _v14 |
|
| 650 | 7 |
_aالإسلام _xفلسفة. _2BUEsh |
|
| 650 | 7 |
_aالفلسفة الإسلامية. _2BUEsh |
|
| 651 | _2BUEsh | ||
| 653 |
_bGGEN _cJanuary2018 |
||
| 700 | 1 | _aكامل، عبد العزيز. | |
| 942 | _2ddc | ||
| 999 |
_c25960 _d25932 |
||